Statistiques concernant Beyblade - Personnages

Cliquez ici pour prendre le quiz!

Statistiques générales

  • Ce quiz a été pris 276 fois
    (265 depuis la dernière actualisation)
  • Le résultat moyen est 20 sur 74

Statistiques - réponses

CatégorieRéponse% Correct
Bladeur LégendaireRyuga
92%
Bladeur LégendaireKyoya
86%
Bladeur LégendaireGingka
81%
Bladeur LégendaireKenta
77%
Gan Gan GalaxyYu
75%
Gan Gan GalaxyTsubasa
72%
Wild FangBenkei
69%
Gan Gan GalaxyMasamune
69%
Gan Gan GalaxyMadoka
57%
Bladeur LégendaireKing
56%
ExcaliburJulian
53%
Bladeur LégendaireChris
50%
Star BreakerDamian
50%
Star BreakerZeo
48%
Wang Hu ZongDashan
45%
Bladeur LégendaireAguma
44%
Star BreakerFaust / Toby
44%
Wang Hu ZongMei Mei
44%
Star BreakerJack
43%
ExcaliburSophie
43%
Bladeur LégendaireYuki
41%
Bladeur LégendaireDynamis
37%
Disciple d'HadesDoji
32%
Bladeur LégendaireRago
32%
GarciaArgo
29%
Ultime BatailleHikaru
29%
GarciaSelen
29%
ExcaliburWales
29%
GarciaEnzo
28%
ExcaliburKlaus
28%
Wild FangNile
28%
Metal Fusion - AutresPhénix / Ryo
26%
Bladeur LégendaireTithi
25%
Star BreakerDr Zigurrat
24%
Disciple d'HadesPluto
24%
Ultime BatailleHyoma
23%
Ultime BatailleReiji
23%
Disciple d'HadesJohannes
22%
Ultime BatailleTobio
21%
Metal Fury - AutresBao
20%
Wang Hu ZongChi-Yun
20%
Ultime BatailleRyutaro
17%
Wang Hu ZongChaoxin
16%
GarciaIan
16%
Ultime BatailleTetsuya
16%
Metal Fusion - AutresSora
15%
Metal Fury - AutresSala
13%
Metal Fury - AutresRyuto
11%
LovushkaAleksei
10%
Gymnase DungeonCoach Steel
10%
Ultime BatailleDan et Reiki
10%
LovushkaNowaguma
10%
Ultime BatailleTeru
10%
Wild FangDemure
8%
Desert BlazeGasur
8%
Metal Fury - AutresJigsaw
8%
Gymnase DungeonOwen
7%
Metal Fusion - AutresBlader DJ
5%
Gymnase DungeonBrad
5%
ChandoraSalam
5%
Metal Fusion - AutresBusujima
4%
Ultime BatailleKumasuke
4%
LovushkaLera
4%
Disciple d'HadesHerschel
3%
Desert BlazeKarte
3%
Desert BlazeZitane
3%
Metal Fusion - AutresAkira
2%
ChandoraAnil
2%
Gymnase DungeonBruss
2%
Disciple d'HadesKeyser
2%
Metal Fusion - AutresOsamu
2%
Metal Fusion - AutresTakashi
2%
ChandoraVridick
2%
Disciple d'HadesCyncus
1%

Distribution des résultats

Percentile par nombre de réponses

% des personnes avec chaque résultat

Votre développement - résultats

Vous n’avez pas pris ce quiz depuis la dernière actualisation